000 00620nam a2200205Ia 4500
005 20260114185856.0
008 008 260114s9999 xx 000 0 eng d
020 _a9781509966981
037 _aEBOOK
040 _aCRL
_beng
_cCRL
041 _aeng
_2eng
084 _qCRL
100 _aMark Hill KC and Lina Papadopoulou
_9875511
245 0 _aIslam, Religious Liberty and Constitutionalism in Europe
260 _bBloomsbury
_c2024
650 _aLaw
_9875512
856 _uhttps://doi.org/10.5040/9781509966981?locatt=label:secondary_bloomsburyCollections
942 _cEBOOK
999 _c1474406
_d1474406